Governmental and nonprofit accounting : (Record no. 3196)
[ view plain ]
| 000 -LEADER | |
|---|---|
| fixed length control field | 01830cam a22002414a 4500 |
| 020 ## - INTERNATIONAL STANDARD BOOK NUMBER | |
| ISBN | 0131851292 (alk. paper) |
| 020 ## - INTERNATIONAL STANDARD BOOK NUMBER | |
| ISBN | 9780131851290 (alk. paper) |
| 050 00 - CALL NUMBER | |
| Classification number | HJ9777.A3 |
| Item number | L95 2006 |
| 100 1# - AUTHOR | |
| Personal name | Freeman, Robert J. |
| 245 10 - TITLE | |
| Title | Governmental and nonprofit accounting : |
| Remainder of title | theory and practice / |
| Statement of responsibility, etc | Robert J. Freeman, Craig D. Shoulders, Gregory S. Allison. |
| 250 ## - EDITION | |
| Edition statement | 8th ed. |
| 260 ## - PUBLICATION INFORMATION | |
| Place of publication | Upper Saddle River, NJ : |
| Name of publisher | Pearson Prentice Hall, |
| Year of publication | c2006. |
| 300 ## - DESCRIPTION | |
| Number of Pages | xxx, 845 p. : |
| Other physical details | ill. ; |
| Dimensions | 29 cm. |
| 505 ## - FORMATTED CONTENTS NOTE | |
| Table of Content | . Governmental and Nonprofit Accounting : Environment and Characteristics. 2. State and Local Government Accounting: Environment, Objectives, and Principles. 3. Budgeting, Budgetary Accounting, and Budgetary Reporting. 4. General and Special Revenue Funds. 5. Revenue Accounting-Governmental Funds. 6. Expenditure Accounting-Governmental Funds. 7. Capital Projects Funds. 8. Debt Service Funds. 9. General Fixed Assets; General Long-Term Debt: Introduction to Interfund-Account Group Accounting. 10. Trust and Agency (Fiduciary) Funds. 11. Internal Service Funds. 12. Enterprise Funds: Summary of Interfund-Account Group Accounting. 13. Financial Reporting: The CAFR and GPFS. 14. Financial Accounting and Reporting: Complex Reporting: Entities and Non-GAAP Bases of Accounting. 15. Contemporary Issues. 16. Accounting for Colleges and Universities. 17. Accounting for Health Care Organizations. 18. Non-SLG Not-for-Profit Organizations: SFAS 116 and 117 Approach. 19. Federal Government Accounting. 20. Auditing. |
| 650 #0 - SUBJECTS | |
| Topical Term | Municipal finance |
| General subdivision | Accounting. |
| 650 #0 - SUBJECTS | |
| Topical Term | Local finance |
| General subdivision | Accounting. |
| 650 #0 - SUBJECTS | |
| Topical Term | Finance, Public |
| General subdivision | Accounting. |
| 650 #0 - SUBJECTS | |
| Topical Term | Fund accounting |
| 650 #0 - SUBJECTS | |
| Topical Term | Nonprofit organizations |
| General subdivision | Accounting. |
| 700 1# - OTHER AUTHORS | |
| Personal name | Shoulders, Craig D. |
| 700 1# - OTHER AUTHORS | |
| Personal name | Allison, Gregory S. |
| 942 ## - ADDED ENTRY ELEMENTS (KOHA) | |
| Koha item type | Books |
| Withdrawn status | Lost status | Collection code | Home library | Current library | Shelving location | Date acquired | Full call number | Accession Number | Koha item type |
|---|---|---|---|---|---|---|---|---|---|
| Reference | Methodist University Library Main | Methodist University Library Main | General Stacks | 01/03/2007 | HJ9777.A3 L95 2006 | 27829 | Books |